000 01740nam0a2200385 4500
001 RU\NLR\bibl\1675532
005 20260408173155.0
010 _a978-5-7017-1539-2
_9800
021 _aRU
_b2010-60509
_93961
035 _a(NLR Aleph) 001666771
035 _a(nilc)RSL-KNO-004716813
090 _a1015999
_c1015999
100 _a20100803d2010 u y0rusy50 ca
101 0 _arus
102 _aRU
105 _aa |||||||||
200 1 _aЛидерство в системе власти: мотивация, роль в политической жизни общества
_eмонография
_fС. С. Смолева
_gМ-во образования и науки Российской Федерации, Московский гос. обл. ун-т
210 _aМосква
_cИзд-во МГОУ
_d2010
215 _a148 с.
_cил., табл.
_d21
320 _aБиблиогр.: с. 143-148 и в подстроч. примеч.
606 _aЛидерство политическое
_3RU\NLR\auth\66642233
_91491955
606 _aМотивация (социол.)
_3RU\NLR\auth\66748662
_91685296
610 0 _aСоциология -- Социальные институты -- Политические институты -- Государство, власть, политика - Политическая или правящая элита
610 0 _aлидер
686 _aСС555.511.3,0
_2rubbk
686 _aФ3(0)15
686 _aС550.44
700 1 _aСмолева
_bС. С.
_gСветлана Сергеевна
_4070
801 0 _aRU
_bРГБ
_c20100803
_grcr
801 1 _aRU
_bРГБ
_c20100803
801 2 _aRU
_bNLR
_c20100917
_grcr
830 _aпо кн
942 _cBOOK
980 _aNB